000 00478 a2200157 4500
005 20250507111655.0
020 _a978-1-259-25445-1
082 _a658.3 NOE
100 _aNOE, R. A.
245 _aFundamentals of Human Resource Management .
250 _a6th Ed.
260 _aNew York,
_bMcgraw- Hill International Edition,
_c2014.
300 _axxxvii,568p.: Ill.;figures & picture
_bGlossary & Index
_c25cm.
700 _aHOLLENBECK, J. R. & GERHART, B.
942 _2ddc
_cBKS
999 _c2095
_d2095